Food Chemistry (Record no. 40484)

MARC details
000 -LEADER
fixed length control field 00402nam a2200169Ia 4500
020 ## - INTERNATIONAL STANDARD BOOK NUMBER
ISBN 81-239-1149-1
100 ## - STATEMENT OF RESPONSIBILITY--MAIN AUTHOR NAME
Personal name Lillian Hoagland Meyer
245 #0 - TITLE STATEMENT
Title Food Chemistry
260 ## - PUBLICATION, DISTRIBUTION, ETC. (IMPRINT)
Place of publication New Delhi
260 ## - PUBLICATION, DISTRIBUTION, ETC. (IMPRINT)
Name of publisher Litton Educational Publishing Inc.
260 ## - PUBLICATION, DISTRIBUTION, ETC. (IMPRINT)
Year of publication 2004
300 ## - PHYSICAL DESCRIPTION
Number of Pages 385 p
650 ## - SUBJECT ADDED ENTRY--TOPICAL TERM
Topical Term New Delhi
942 ## - ADDED ENTRY ELEMENTS (KOHA)
Koha item type Books
Holdings
Withdrawn status Lost status Source of classification or shelving scheme Damaged status Not for loan Permanent Location Current Location Shelving location Date acquired Accession Number Price effective from Koha item type
    Library of Congress Classification     NILE UNIVERSITY OF NIGERIA - MAIN LIBRARY NILE UNIVERSITY OF NIGERIA - MAIN LIBRARY Items on shelf 06/03/2025 0001065 06/03/2025 Books